[Event "GER-ch Blitz"]
[Site "Magdeburg"]
[Date "2020.08.15"]
[Round "26"]
[White "Meier, Georg"]
[Black "Koch, Thomas"]
[Result "1/2-1/2"]
[WhiteElo "2621"]
[BlackElo "2461"]
[PlyCount "61"]
[EventDate "2020.08.15"]
[EventType "tourn (blitz)"]
[EventRounds "29"]
[EventCountry "GER"]
[EventCategory "6"]
[SourceTitle "CBM 197 Extra"]
[Source "ChessBase"]
[SourceDate "2020.09.30"]
[SourceVersion "1"]
[SourceVersionDate "2020.09.30"]
[SourceQuality "1"]

1. Nf3 c5 2. g3 b6 3. Bg2 Bb7 4. c4 Nf6 5. 0-0 g6 6. b3 Bg7 7. Bb2 0-0 8. Nc3 d6 9. d4 cxd4 10. Qxd4 Ne4 11. Qe3 Nxc3 12. Bxc3 Bxc3 13. Qxc3 Nd7 14. Rfd1 Qc7 15. Qe3 Nf6 16. Rd4 Kg7 17. Rad1 Rfe8 18. Rh4 h5 19. Rhd4 Rac8 20. Bh3 Rcd8 21. Bg2 Bxf3 22. Bxf3 Qc5 23. Qd2 a5 24. Bg2 Rc8 25. h3 Rc7 26. Qb2 Qe5 27. R1d3 Qe6 28. Re3 Qc8 29. Rd2 Rc5 30. Qd4 Qf5 31. Qb2 1/2-1/2

[Event "Bundesliga 1920"]
[Site "Germany"]
[Date "2020.02.23"]
[Round "8.2"]
[White "Moranda, Wojciech"]
[Black "Koch, Thomas"]
[Result "1-0"]
[WhiteElo "2602"]
[BlackElo "2474"]
[PlyCount "137"]
[EventDate "2019.11.23"]
[EventType "team-tourn"]
[EventRounds "15"]
[EventCountry "GER"]
[SourceTitle "CBM 195 Extra"]
[Source "ChessBase"]
[SourceDate "2020.05.31"]
[SourceVersion "1"]
[SourceVersionDate "2020.05.31"]
[SourceQuality "1"]
[WhiteTeam "Berlin SF"]
[BlackTeam "Aachen"]
[WhiteTeamCountry "GER"]
[BlackTeamCountry "GER"]

1. d4 Nf6 2. c4 e6 3. Nc3 Bb4 4. e3 0-0 5. Nge2 d5 6. a3 Be7 7. cxd5 exd5 8. g3 Nbd7 9. Bg2 Nb6 10. 0-0 Re8 11. b3 c6 12. f3 c5 13. dxc5 Bxc5 14. Nd4 Bd7 15. Ra2 Rc8 16. Nce2 h5 17. Nf4 Qe7 18. Re1 Na8 19. Nd3 Bb6 20. Bd2 Qd8 21. a4 a6 22. Rc2 Rxc2 23. Qxc2 Nc7 24. Nc5 Bc8 25. a5 Ba7 26. Rc1 Bb8 27. b4 Ne6 28. Ncxe6 fxe6 29. Bh3 Bd7 30. Qg6 Qe7 31. Nb3 Qf7 32. Qxf7+ Kxf7 33. Nc5 Bc8 34. Bc3 Bd6 35. Nd3 e5 36. Bxe5 Bxh3 37. Bxd6 Rxe3 38. Rc7+ Kg8 39. Nf4 Bf5 40. Kf2 Rb3 41. Be5 g5 42. Ne2 Nd7 43. Bc3 Ra3 44. Rxb7 Kf7 45. Rc7 Ra2 46. Ke3 Ke8 47. h4 g4 48. fxg4 Bxg4 49. Nf4 Kd8 50. Rc6 Ra3 51. Kd4 Nb8 52. Rb6 Kc8 53. Nxd5 Be2 54. Rh6 Bf3 55. Rh8+ Kb7 56. Rh7+ Kc8 57. Nb6+ Kd8 58. Bd2 Nc6+ 59. Kc5 Rd3 60. Bg5+ Ke8 61. Bf6 Rd1 62. Nc8 Rd5+ 63. Kc4 Rd1 64. Kc3 Nxa5 65. Re7+ Kf8 66. Nb6 Nc6 67. Nd7+ Kg8 68. Rg7+ Kh8 69. Rg6+ 1-0

[Event "Bundesliga 1920"]
[Site "Germany"]
[Date "2019.12.07"]
[Round "3.1"]
[White "Khenkin, Igor"]
[Black "Koch, Thomas"]
[Result "1-0"]
[WhiteElo "2545"]
[BlackElo "2474"]
[PlyCount "79"]
[EventDate "2019.11.23"]
[EventType "team-tourn"]
[EventRounds "15"]
[EventCountry "GER"]
[SourceTitle "CBM 193 Extra"]
[Source "ChessBase"]
[SourceDate "2020.01.31"]
[SourceVersion "1"]
[SourceVersionDate "2020.01.31"]
[SourceQuality "1"]
[WhiteTeam "Kiel Turm"]
[BlackTeam "Aachen"]
[WhiteTeamCountry "GER"]
[BlackTeamCountry "GER"]

1. Nf3 Nf6 2. c4 e6 3. Nc3 Bb4 4. Qc2 c5 5. a3 Bxc3 6. Qxc3 0-0 7. b4 b6 8. Bb2 Bb7 9. g4 Nc6 10. g5 Ne8 11. Rg1 Rc8 12. bxc5 bxc5 13. h4 d5 14. cxd5 exd5 15. Bh3 Rc7 16. h5 Qd6 17. Rc1 Nb8 18. Ne5 d4 19. Qg3 Bd5 20. Nd3 Na6 21. h6 g6 22. Qe5 Rb7 23. Bc8 Rxb2 24. Qxd6 Nxd6 25. Bxa6 Ra2 26. Nxc5 Be6 27. Rg3 Rb8 28. Rd3 Rc2 29. Kd1 Rxc1+ 30. Kxc1 Rb6 31. Rxd4 Rc6 32. Kb2 Rxc5 33. Rxd6 Kf8 34. f4 Ke7 35. Rd4 f6 36. gxf6+ Kxf6 37. Bd3 Rh5 38. Rd6 Ke7 39. Ra6 Rxh6 40. Rxa7+ 1-0

[Event "Bundesliga 1920"]
[Site "Germany"]
[Date "2019.11.23"]
[Round "1.5"]
[White "Fedoseev, Vladimir1111"]
[Black "Koch, Thomas"]
[Result "1-0"]
[WhiteElo "2672"]
[BlackElo "2474"]
[PlyCount "127"]
[EventDate "2019.11.23"]
[EventType "team-tourn"]
[EventRounds "15"]
[EventCountry "GER"]
[SourceTitle "CBM 193 Extra"]
[Source "ChessBase"]
[SourceDate "2020.01.31"]
[SourceVersion "1"]
[SourceVersionDate "2020.01.31"]
[SourceQuality "1"]
[WhiteTeam "Hockenheim"]
[BlackTeam "Aachen"]
[WhiteTeamCountry "GER"]
[BlackTeamCountry "GER"]

1. d4 Nf6 2. c4 e6 3. a3 c5 4. e3 d5 5. Nc3 Nc6 6. dxc5 Bxc5 7. b4 Be7 8. Bb2 0-0 9. Nf3 dxc4 10. Bxc4 Qxd1+ 11. Rxd1 b6 12. Ke2 Bb7 13. Rd2 Rac8 14. Bd3 Rfd8 15. Rhd1 Nd5 16. Nxd5 Rxd5 17. h4 Rcd8 18. Rc1 Rxd3 19. Rxd3 Ba6 20. Ne1 Rd6 21. e4 Bd8 22. Ke3 Bxd3 23. Nxd3 Ne7 24. b5 f6 25. a4 Rd7 26. h5 Kf7 27. Rd1 Ke8 28. f4 h6 29. g4 Bc7 30. Rg1 Bd8 31. Nb4 Rc7 32. Kd3 Rd7+ 33. Kc2 Bc7 34. Nd3 Kf7 35. g5 Rd8 36. g6+ Ke8 37. Bc3 Rd7 38. Rf1 Rd8 39. Nb4 Rc8 40. Kb3 Bd6 41. Na6 Bc5 42. f5 exf5 43. e5 Nd5 44. exf6 Nxf6 45. Bxf6 gxf6 46. Rxf5 Bd4 47. Rf3 Ke7 48. Nb4 Ke6 49. Nc6 Be5 50. Rd3 Bd6 51. Rf3 Be5 52. Rf1 a5 53. Kc4 Rc7 54. Rg1 Rc8 55. Kd3 Rg8 56. Rf1 Bb2 57. Re1+ Be5 58. Ke4 Bd6 59. Nd4+ Kd7 60. Kf5 Be5 61. Nc6 Bd6 62. Re6 Ba3 63. Rxf6 Bb2 64. Ne5+ 1-0

[Event "GER-ch blitz"]
[Site "Magdeburg"]
[Date "2019.05.25"]
[Round "11"]
[White "Ehmann, Thilo"]
[Black "Koch, Thomas"]
[Result "1/2-1/2"]
[WhiteElo "2291"]
[BlackElo "2474"]
[PlyCount "168"]
[EventDate "2019.05.25"]
[EventType "tourn (blitz)"]
[EventRounds "29"]
[EventCountry "GER"]
[SourceTitle "CBM 190 Extra"]
[Source "ChessBase"]
[SourceDate "2019.07.15"]
[SourceVersion "1"]
[SourceVersionDate "2019.07.15"]
[SourceQuality "1"]

1. e4 c5 2. Nf3 d6 3. d4 cxd4 4. Nxd4 Nf6 5. f3 a6 6. c4 e6 7. Nc3 Be7 8. Be3 0-0 9. Be2 b6 10. Qd2 Bb7 11. 0-0 Nbd7 12. Rfd1 Rc8 13. Rac1 Qc7 14. Bf1 Qb8 15. Kh1 Rfd8 16. Qf2 Re8 17. b3 Nc5 18. b4 Ncd7 19. Nb3 Bd8 20. Qg1 Bc7 21. Bf2 h6 22. a3 Bd8 23. Rb1 Bc7 24. Rdc1 Bc6 25. a4 Ne5 26. c5 bxc5 27. bxc5 Qa8 28. cxd6 Bxd6 29. Na5 Ned7 30. Be2 Bf4 31. Rc2 Bxa4 32. Ra2 Rxc3 33. Rxa4 Rec8 34. Raa1 Be5 35. Nb3 Rxb3 36. Rxb3 Bxa1 37. Qxa1 Qc6 38. g3 Qc1+ 39. Qxc1 Rxc1+ 40. Kg2 Ra1 41. Rb7 Ra2 42. Bc4 Ra4 43. Bf1 a5 44. Ra7 Ra2 45. Bc4 Ra3 46. Bb5 Ne5 47. Be2 Ra2 48. Bf1 a4 49. Ra5 Neg4 50. fxg4 Nxe4 51. Ra8+ Kh7 52. Bd3 Rxf2+ 53. Kg1 Ra2 54. Bxe4+ g6 55. h4 Kg7 56. g5 hxg5 57. hxg5 a3 58. Bf3 Kh7 59. Be4 Re2 60. Bf3 Re3 61. Kf2 Rb3 62. Be2 Kg7 63. Bc4 Rc3 64. Be2 e5 65. Ra5 e4 66. Re5 a2 67. Ra5 Rc2 68. Ke3 Rb2 69. Bg4 Rg2 70. Kf4 e3 71. Kxe3 Rxg3+ 72. Kf4 Rg2 73. Ra7 Rf2+ 74. Bf3 Rd2 75. Ke3 Rd6 76. Rxa2 Re6+ 77. Kf4 Re7 78. Ra6 Rc7 79. Bd5 Re7 80. Rd6 Rc7 81. Bc6 Rc8 82. Bd5 Rc7 83. Rc6 Rxc6 84. Bxc6 f6 1/2-1/2

[Event "GER-ch blitz"]
[Site "Magdeburg"]
[Date "2019.05.25"]
[Round "14"]
[White "Feuerstack, Aljoscha"]
[Black "Koch, Thomas"]
[Result "0-1"]
[WhiteElo "2441"]
[BlackElo "2474"]
[PlyCount "122"]
[EventDate "2019.05.25"]
[EventType "tourn (blitz)"]
[EventRounds "29"]
[EventCountry "GER"]
[SourceTitle "CBM 190 Extra"]
[Source "ChessBase"]
[SourceDate "2019.07.15"]
[SourceVersion "1"]
[SourceVersionDate "2019.07.15"]
[SourceQuality "1"]

1. e4 c5 2. c3 d5 3. exd5 Qxd5 4. d4 e6 5. Nf3 Nf6 6. Na3 Qd8 7. Nc2 Nc6 8. Bd3 Be7 9. 0-0 0-0 10. Qe2 b6 11. Bf4 Bb7 12. Rad1 cxd4 13. Ncxd4 Nxd4 14. Nxd4 Qd5 15. f3 Qc5 16. Kh1 Rad8 17. Be5 Nd7 18. Bg3 Nf6 19. Rfe1 Bd5 20. a3 Nh5 21. Be5 Bf6 22. f4 g6 23. Qg4 Bxe5 24. Rxe5 Ng7 25. Rde1 Qc7 26. Bb1 Rfe8 27. h3 Qb7 28. Kh2 Qc7 29. Qg5 Qe7 30. Qg4 Qf6 31. Nf3 Bxf3 32. Qxf3 Rd2 33. R5e2 Rxe2 34. Rxe2 Nh5 35. g3 Rd8 36. Qe3 Rd6 37. Bc2 Qd8 38. Qe5 Rd2 39. Qe3 Rd6 40. Qe5 Nf6 41. Qe3 h5 42. Qf3 Rd2 43. Qg2 Rd6 44. Qf3 Qc7 45. Kg2 Qd7 46. Qe3 Rd5 47. Bb3 Rd3 48. Qf2 Qc6+ 49. Kh2 Qb5 50. Bc2 Rd6 51. Bb1 Qd7 52. Bc2 Rd5 53. Qe3 Qd6 54. Bb3 Rd3 55. Qf2 h4 56. g4 Rg3 57. Rd2 Ne4 58. Rxd6 Nxf2 59. f5 Ne4 60. Rd7 Nc5 61. Bc4 Nxd7 0-1

[Event "GER-ch blitz"]
[Site "Magdeburg"]
[Date "2019.05.25"]
[Round "20"]
[White "Frischmann, Rick"]
[Black "Koch, Thomas"]
[Result "1/2-1/2"]
[WhiteElo "2320"]
[BlackElo "2474"]
[PlyCount "80"]
[EventDate "2019.05.25"]
[EventType "tourn (blitz)"]
[EventRounds "29"]
[EventCountry "GER"]
[SourceTitle "CBM 190 Extra"]
[Source "ChessBase"]
[SourceDate "2019.07.15"]
[SourceVersion "1"]
[SourceVersionDate "2019.07.15"]
[SourceQuality "1"]

1. e4 c5 2. Nf3 d6 3. Bb5+ Bd7 4. Bxd7+ Qxd7 5. c4 Nf6 6. Nc3 Nc6 7. d4 cxd4 8. Nxd4 e6 9. 0-0 Be7 10. Be3 0-0 11. h3 Rac8 12. b3 b6 13. Rc1 Rfd8 14. Nxc6 Qxc6 15. Qd3 Nd7 16. Rfd1 Nc5 17. Qc2 Qb7 18. b4 Nd7 19. Nb5 Nf6 20. Bg5 d5 21. Bxf6 Bxf6 22. exd5 exd5 23. Qe2 a6 24. Nc3 dxc4 25. Rxd8+ Rxd8 26. Qxc4 Rc8 27. Qd3 g6 28. Rc2 Rd8 29. Qe2 Rd4 30. Rd2 Kg7 31. Rxd4 Bxd4 32. Ne4 Qd5 33. a3 b5 34. h4 Qe5 35. Qf3 Qe7 36. g3 h6 37. Kg2 h5 38. Ng5 Bf6 39. Ne4 Be5 40. Ng5 Bf6 1/2-1/2

[Event "GER-ch blitz"]
[Site "Magdeburg"]
[Date "2019.05.25"]
[Round "24"]
[White "Heidrich, Manfred"]
[Black "Koch, Thomas"]
[Result "0-1"]
[WhiteElo "2351"]
[BlackElo "2474"]
[PlyCount "54"]
[EventDate "2019.05.25"]
[EventType "tourn (blitz)"]
[EventRounds "29"]
[EventCountry "GER"]
[SourceTitle "CBM 190 Extra"]
[Source "ChessBase"]
[SourceDate "2019.07.15"]
[SourceVersion "1"]
[SourceVersionDate "2019.07.15"]
[SourceQuality "1"]

1. e4 c5 2. c3 d5 3. exd5 Qxd5 4. d4 e6 5. Nf3 Nf6 6. Be2 cxd4 7. Qxd4 Nc6 8. Qxd5 Nxd5 9. a3 Be7 10. c4 Nb6 11. Nc3 0-0 12. Be3 Bf6 13. Rc1 Na5 14. Bxb6 axb6 15. Rc2 Bd7 16. 0-0 Rfc8 17. Ne4 Be7 18. Ne5 Ba4 19. Rcc1 Nb3 20. Rcd1 Nc5 21. Nd6 Rd8 22. Ndxf7 Bxd1 23. Bxd1 Rf8 24. b4 Rxf7 25. Nxf7 Nd7 26. Bh5 g6 27. Rd1 Nf8 0-1

[Event "GER-ch blitz"]
[Site "Magdeburg"]
[Date "2019.05.25"]
[Round "27"]
[White "Koch, Thomas"]
[Black "Baskin, Robert"]
[Result "1-0"]
[WhiteElo "2474"]
[BlackElo "2398"]
[PlyCount "123"]
[EventDate "2019.05.25"]
[EventType "tourn (blitz)"]
[EventRounds "29"]
[EventCountry "GER"]
[SourceTitle "CBM 190 Extra"]
[Source "ChessBase"]
[SourceDate "2019.07.15"]
[SourceVersion "1"]
[SourceVersionDate "2019.07.15"]
[SourceQuality "1"]

1. d4 Nf6 2. c4 e6 3. Nf3 d5 4. Nc3 Be7 5. Bg5 h6 6. Bh4 0-0 7. e3 Nbd7 8. Bd3 c5 9. cxd5 Nxd5 10. Bxe7 Nxe7 11. 0-0 b6 12. Be4 Rb8 13. Rc1 Bb7 14. Bxb7 Rxb7 15. Ne4 cxd4 16. Nxd4 Rc7 17. Nb5 Rxc1 18. Qxc1 Qa8 19. Ned6 Rd8 20. Rd1 Nf6 21. Nc3 a6 22. Nc4 b5 23. Ne5 Qb8 24. Nf3 Rxd1+ 25. Qxd1 Qc7 26. h3 b4 27. Ne2 Ne4 28. Qd3 Qb7 29. Nf4 Nf5 30. Ne5 Nf6 31. f3 g5 32. Ne2 Qc7 33. Ng4 Nxg4 34. hxg4 Nd6 35. Kf2 Qc5 36. Qxa6 Nc4 37. Qa8+ Kg7 38. Qe4 Nxb2 39. Nd4 Nd1+ 40. Kg3 Nc3 41. Qxe6 Qxd4 42. Qe7 Qb6 43. Kh3 Nd5 44. Qe5+ Nf6 45. e4 Qf2 46. Kh2 Qh4+ 47. Kg1 Qe1+ 48. Kh2 Qf2 49. Qd6 Qxa2 50. Qxb4 Qe6 51. Qd4 Kg6 52. Qd3 Nd7 53. e5+ Kg7 54. Kg1 Nxe5 55. Qe4 Ng6 56. Qd3 Qb6+ 57. Kh2 Qc7+ 58. Kg1 Qe7 59. Qd4+ Qe5 60. Qd3 Nf4 61. Qd2 Qd4+ 62. Qxd4+ 1-0

[Event "GER-ch blitz"]
[Site "Magdeburg"]
[Date "2019.05.25"]
[Round "15"]
[White "Koch, Thomas"]
[Black "Braeuning, Rudolf Wilhelm"]
[Result "1-0"]
[WhiteElo "2474"]
[BlackElo "2285"]
[PlyCount "81"]
[EventDate "2019.05.25"]
[EventType "tourn (blitz)"]
[EventRounds "29"]
[EventCountry "GER"]
[SourceTitle "CBM 190 Extra"]
[Source "ChessBase"]
[SourceDate "2019.07.15"]
[SourceVersion "1"]
[SourceVersionDate "2019.07.15"]
[SourceQuality "1"]

1. d4 Nf6 2. c4 Nc6 3. Nf3 e6 4. g3 d5 5. Bg2 dxc4 6. 0-0 Rb8 7. e3 Bd7 8. Qe2 b5 9. e4 Be7 10. Nc3 0-0 11. Re1 a6 12. Bf4 Nh5 13. Be3 Nf6 14. Bg5 h6 15. Bf4 Nh5 16. Bd2 Nf6 17. Rad1 Nb4 18. e5 Nfd5 19. Nxd5 exd5 20. Bxb4 Bxb4 21. Rf1 Bf5 22. Nh4 Bd3 23. Rxd3 cxd3 24. Qxd3 c5 25. dxc5 d4 26. c6 Rc8 27. Nf5 Re8 28. a3 Bf8 29. Re1 g6 30. Nh4 Bg7 31. e6 Rxe6 32. Rxe6 fxe6 33. Qxg6 Qf6 34. Qd3 Qe5 35. Be4 Qg5 36. Kg2 Bf6 37. Nf3 Qc5 38. Qd2 Kg7 39. Qf4 d3 40. Qg4+ Kf8 41. Qxe6 1-0

[Event "GER-ch blitz"]
[Site "Magdeburg"]
[Date "2019.05.25"]
[Round "12"]
[White "Koch, Thomas"]
[Black "Buhmann, Rainer"]
[Result "0-1"]
[WhiteElo "2474"]
[BlackElo "2573"]
[PlyCount "150"]
[EventDate "2019.05.25"]
[EventType "tourn (blitz)"]
[EventRounds "29"]
[EventCountry "GER"]
[SourceTitle "CBM 190 Extra"]
[Source "ChessBase"]
[SourceDate "2019.07.15"]
[SourceVersion "1"]
[SourceVersionDate "2019.07.15"]
[SourceQuality "1"]

1. d4 Nf6 2. c4 e6 3. Nf3 Bb4+ 4. Bd2 Be7 5. g3 a6 6. Bg2 b5 7. Ne5 Ra7 8. Nc3 Bb7 9. Bxb7 Rxb7 10. c5 d6 11. cxd6 cxd6 12. Nd3 0-0 13. 0-0 Nbd7 14. Bg5 Nb6 15. Bxf6 Bxf6 16. e3 Qd7 17. Qf3 Nc4 18. Rfd1 Rc8 19. h4 Be7 20. Ne2 Rbc7 21. Nef4 d5 22. Qg4 g6 23. h5 Bd6 24. hxg6 hxg6 25. Kg2 Bxf4 26. Qxf4 Qd6 27. Qh4 Qe7 28. Qh3 Qf6 29. Rh1 Kf8 30. Qh8+ Qxh8 31. Rxh8+ Ke7 32. Rah1 Nd6 33. Nc5 Ne4 34. Rxc8 Rxc8 35. Nxe4 dxe4 36. Rh4 Rc2 37. Rxe4 Rxb2 38. a4 b4 39. d5 Kd6 40. dxe6 fxe6 41. Kf3 a5 42. Rd4+ Kc5 43. Re4 Kd5 44. Rd4+ Ke5 45. Re4+ Kf6 46. Rf4+ Ke7 47. Rg4 Ra2 48. Rxg6 Rxa4 49. Rg7+ Kf6 50. Rb7 Ra2 51. g4 Rb2 52. Ra7 Ra2 53. Rb7 Ra1 54. Ke4 Rb1 55. Ra7 Ra1 56. Rb7 Ra4 57. f4 b3+ 58. Kd3 Ra3 59. g5+ Kg6 60. Rb6 b2+ 61. Ke4 Ra4+ 62. Kd3 Ra3+ 63. Kc2 Rxe3 64. Ra6 Re2+ 65. Kb1 Kf5 66. Rxa5+ Kxf4 67. g6 Rg2 68. g7 Rxg7 69. Kxb2 Rc7 70. Rh5 e5 71. Rh4+ Kf3 72. Rh3+ Kg4 73. Rh1 e4 74. Rg1+ Kf3 75. Rf1+ Ke2 0-1